| 000 -ლიდერი |
| ფიქსირებული სიგრძის საკონტროლო ველი |
00817nam a2200205 4500 |
| 003 - საკონტროლო ნომრის იდენტიფიკატორი |
| საკონტროლო ველი |
Ge_BSU |
| 005 - ბოლო ოპერაციის თარიღი და დრო |
| საკონტროლო ველი |
20260318121855.0 |
| 008 - ფიქსირებული სიგრძის მონაცემთა ელემენტები - ზოგადი ინფორმაცია |
| ფიქსირებული სიგრძის საკონტროლო ველი |
260318s2005 ge ||||| |||| 00| 0 geo d |
| 020 ## - წიგნის საერთაშორისო სტანდარტული ნომერი |
| International Standard Book Number |
0131424106 |
| 041 ## - ენის კოდი |
| Language code of text/sound track or separate title |
geo |
| 080 ## - უნივერსალური ათობითი კლასიფიკაციის ინდექსი |
| Universal Decimal Classification number |
339.138 ა-59 |
| 100 ## - მთავარი ჩანაწერი - პიროვნების სახელი |
| Personal name |
არმსტრონგი, გარი |
| 9 (RLIN) |
27157 |
| 245 ## - ცნობა სათაურის შესახებ |
| Title |
მარკეტინგის საფუძვლები / |
| Statement of responsibility, etc |
გარი არმსტრონგი, ფილიპ კოტლერი. |
| 250 ## - გამოცემის ცნობა |
| Edition statement |
მეშვიდე გამოცემა |
| 264 ## - წარმოების, გამოცემის, დისტრიბუციის და სხვა ცნობები |
| გამოცემის, წარმოების, დისტრიბუციის... ადგილი |
თბილისი, |
| გამოცემის, წარმოების, დისტრიბუციის... თარიღი |
2005. |
| 300 ## - ფიზიკური აღწერა |
| Extent |
706 გვ.: |
| Other physical details |
დანართები; |
| Dimensions |
29 სმ. |
| 653 ## - INDEX TERM--UNCONTROLLED |
| Uncontrolled term |
მარკეტინგი |
| 700 ## - ADDED ENTRY--PERSONAL NAME |
| Personal name |
კოტლერი, ფილიპ. |
| Relator term |
ავტორი |
| 9 (RLIN) |
15615 |
| 942 ## - ADDED ENTRY ELEMENTS (KOHA) |
| Source of classification or shelving scheme |
|
| Koha item type |
წიგნი |